00540nam a2200193 a 450000100060000000300090000600800410001504000280005608200160008410000380010024500450013826000570018330000070024059000190024765000210026665000300028794200120031799900170032914460CO-ViMGA141112s2004 ck r 000 u spa d aCO-ViMGAbspacCO-ViMGA04a323.4 S776d1 aStrouss de Samper, Jacquin92117710aEl derecho y la paz el niño y la mujer a4Santafé de Bogotá : bImprenta Nacional, c1998 a52 aEjemplares : 214aDERECHOS CIVILES14aMUJERES - DERECHOS921178 2ddccBK c25089d25089